Hollywood and Israel : a history (Record no. 76950)

MARC details
000 -LEADER
fixed length control field 00651nam a22002177a 4500
005 - DATE AND TIME OF LATEST TRANSACTION
control field 20230629124909.0
008 - FIXED-LENGTH DATA ELEMENTS--GENERAL INFORMATION
fixed length control field 230425b |||||||| |||| 00| 0 eng d
020 ## - INTERNATIONAL STANDARD BOOK NUMBER
International Standard Book Number 9780231183413
Qualifying information Paperback
040 ## - CATALOGING SOURCE
Original cataloging agency CBULib
Transcribing agency CBULib
041 ## - LANGUAGE CODE
Language code of text/sound track or separate title eng
050 ## - LIBRARY OF CONGRESS CALL NUMBER
Classification number PN 1995.9 Sha
100 ## - MAIN ENTRY--PERSONAL NAME
Personal name Shaw, Tony
245 ## - TITLE STATEMENT
Title Hollywood and Israel : a history
Statement of responsibility, etc. / by Tony Shaw and Giora Goodman
260 ## - PUBLICATION, DISTRIBUTION, ETC.
Place of publication, distribution, etc. New York,
Name of publisher, distributor, etc. Columbia University,
Date of publication, distribution, etc. 2022
300 ## - PHYSICAL DESCRIPTION
Extent vi, 358 pages : illustrations
650 ## - SUBJECT ADDED ENTRY--TOPICAL TERM
Topical term or geographic name entry element MOTION PICTURE INDUSTRY
650 ## - SUBJECT ADDED ENTRY--TOPICAL TERM
Topical term or geographic name entry element MOTION PICTURES
650 ## - SUBJECT ADDED ENTRY--TOPICAL TERM
Topical term or geographic name entry element MOTION PICTURE INDUSTRY--POLITICAL ASPECTS
700 ## - ADDED ENTRY--PERSONAL NAME
Personal name Goodman, Giora
942 ## - ADDED ENTRY ELEMENTS (KOHA)
Koha item type MONOGRAPH
999 ## -
-- 76950
-- 76950
Holdings
Withdrawn status Lost status Source of classification or shelving scheme Damaged status Not for loan Collection code Permanent Location Current Location Shelving location Date acquired Source of acquisition Cost, normal purchase price Total Checkouts Full call number Barcode Date last seen Copy number Cost, replacement price Price effective from Koha item type
          Main Library Open Access Collection CBU-MAIN LIBRARY, KITWE. CBU-MAIN LIBRARY, KITWE. General Stacks 04/25/2023 DON-BOOKAID 36.37   PN 1995.9.J46 752071 04/25/2023 1 43.64 04/25/2023 MONOGRAPH